[Event "American Continental-ch 2018"]
[Site "Montevideo"]
[Date "2018.06.08"]
[Round "9"]
[White "Vazquez, Guillermo"]
[Black "Martinez Alcantara, Jose Eduardo"]
[Result "0-1"]
[WhiteElo "2436"]
[BlackElo "2539"]
[Annotator "TA"]
[PlyCount "62"]
[EventDate "2018.??.??"]
[EventType "swiss"]
[EventCountry "URU"]
[SourceTitle "playchess.com"]
[Source "ChessBase"]
[SourceQuality "1"]

{[%evp 25,62,16,0,-2,24,12,11,22,18,16,17,20,20,16,18,18,20,0,0,0,0,0,0,0,0,-33,0,0,0,0,0,0,0,-435,-426,-902,-902,-1152,-1145]} 1. d4 Nf6 2. c4 e6 3. Nc3 Bb4 4. Qc2 O-O 5. a3 Bxc3+ 6. Qxc3 b6 7. Bg5 Bb7 8. e3 h6 9. Bh4 d6 {E32: Nimzoindisch (4.Dc2)} 10. Ne2 (10. f3 Nbd7 11. Nh3 c5 12. dxc5 bxc5 13. Nf2 Qb6 14. Be2 d5 15. O-O a5 16. Rfd1 a4 17. Rac1 Ba6 18. Rd2 Rfc8 19. h3 Ra7 20. Ng4 Nxg4 21. hxg4 Bxc4 22. Bxc4 dxc4 23. Qxc4 {1-0 (55) Sjugirov,S (2670)-Bocharov,D (2581) Khanty-Mansiysk 2016}) 10... Nbd7 11. Qc2 c5 12. Rd1 cxd4 13. Rxd4 Qe7 {LiveBook: 5 Partien} 14. Nc3 Rfc8 15. f3 d5 16. cxd5 exd5 17. Bf2 $146 Nc5 {Droht ...Se6.} 18. Be2 Ne6 19. Rd2 d4 20. exd4 Nd5 21. Nxd5 Bxd5 22. Qf5 Rc1+ $1 23. Rd1 Rxd1+ 24. Kxd1 Rd8 $36 {[%mdl 2048] ...Sxd4! ist eine echte Drohung. Schwarz hat gut koordiniertes Spiel.} 25. Bd3 {[#] Weiss will mit Dh7+ Matt setzen.} g6 {[%mdl 1024] Schwarz hat Kompensation.} 26. Qe5 f6 27. Qg3 g5 {Weiss muss nun ...Sf4 beachten.} 28. Re1 Qf7 29. Kc1 $2 {[%mdl 8192] [#]} (29. Be3 $11) 29... Nf4 $1 $19 {[%cal Rf4d3] Schwarz steht klar auf Gewinn.} 30. Bf5 (30. Kd2 $142 Ba2 31. Rc1) 30... Ba2 {Droht ...Tc8+ und aus.} 31. Qg4 h5 {Precision: Weiß = 58%, Schwarz = 85%.} 0-1

[Event "American Continental-ch 2018"]
[Site "Montevideo"]
[Date "2018.06.08"]
[Round "9"]
[White "Campora, Daniel H."]
[Black "Di Berardino, Diego Rafael"]
[Result "1/2-1/2"]
[WhiteElo "2424"]
[BlackElo "2525"]
[Annotator "TA"]
[PlyCount "79"]
[EventDate "2018.??.??"]
[EventType "swiss"]
[EventCountry "URU"]
[SourceTitle "playchess.com"]
[Source "ChessBase"]
[SourceQuality "1"]

{[%evp 32,79,-15,-40,-18,-37,0,0,6,10,13,9,13,23,60,10,10,10,8,0,0,0,0,0,0,0,0,0,0,0,0,0,0,0,0,0,0,0,0,0,0,0,0,0,0,0,0,0,0,0]} 1. Nf3 c5 2. c4 Nf6 3. g3 d5 4. cxd5 Nxd5 5. Bg2 Nc6 6. O-O e5 7. Nc3 Nc7 8. d3 Be7 9. Nd2 Bd7 10. Nc4 f6 11. f4 b5 12. Ne3 exf4 13. gxf4 Rb8 14. Ned5 O-O {A34: Englische Eröffnung (Symmetrische Variante)} 15. Nxc7 Qxc7 16. Nd5 Qd8 17. f5 {LiveBook: 3 Partien} Bd6 18. Bf4 Be5 $146 ({Vorgänger:} 18... Ne5 19. Bg3 Re8 20. Rc1 Rc8 21. e4 Qa5 22. d4 cxd4 23. Qxd4 Bb8 24. a3 Rcd8 25. Kh1 Nc6 26. Qd3 {½-½ (26) Sega,C (2235)-Stamenkovic,D (2440) Santos 2008}) 19. Rc1 Bxf5 20. Bxe5 fxe5 21. Rxc5 Nd4 {[#] Und weiter mit ...Lg4 wäre nett.} 22. e3 Ne6 23. Rc2 Bh3 {zielt auf ...Lxg2 ab.Die Stellung ist ausgeglichen.} 24. Rxf8+ Nxf8 25. Qf3 Bxg2 26. Qxg2 Ng6 27. Rc5 Kh8 28. Qg4 Qf8 29. Rc7 Rd8 30. e4 {[%cal Be3e4,Be4f5][%mdl 32]} a5 31. Qf5 Qxf5 32. exf5 Nf4 33. Nxf4 exf4 $11 {[%mdl 4096] Endspiel KT-KT} 34. Rc5 Kg8 35. Rxb5 Rxd3 36. Rxa5 Rd1+ $1 37. Kf2 Rd2+ 38. Kf3 {Droht Tb5 und aus.} Rxb2 39. h4 Rh2 40. Kxf4 {Precision: Weiß = 75%, Schwarz = 91%.} 1/2-1/2

[Event "American Continental-ch 2018"]
[Site "Montevideo"]
[Date "2018.06.08"]
[Round "9"]
[White "Quintiliano Pinto, Renato R"]
[Black "Vera Siguenas, Deivy"]
[Result "1/2-1/2"]
[WhiteElo "2423"]
[BlackElo "2516"]
[Annotator "TA"]
[PlyCount "49"]
[EventDate "2018.??.??"]
[EventType "swiss"]
[EventCountry "URU"]
[SourceTitle "playchess.com"]
[Source "ChessBase"]
[SourceQuality "1"]

{[%evp 20,49,12,0,51,31,35,9,18,25,29,18,37,10,11,11,7,0,0,0,9,0,0,0,0,0,1,0,20,-10,0,0]} 1. d4 Nf6 2. c4 e6 3. Nf3 d5 4. Nc3 Bb4 5. Bg5 h6 6. Bxf6 Qxf6 7. Qa4+ Nc6 8. e3 O-O {D38: Queen's Gambit Declined: Ragozin Defence (4 Nf3 Bb4)} 9. Rc1 a6 (9... Rd8 10. h4 e5 11. cxd5 Rxd5 12. dxe5 Bxc3+ 13. Rxc3 Nxe5 14. Qe8+ Kh7 15. Ng5+ Kg6 16. f4 hxg5 17. fxe5 {1-0 (112) Li,C (2732)-Le,Q (2737) Riadh 2017}) 10. a3 Bxc3+ 11. Rxc3 {LiveBook: 7 Games} Rd8 ({Better is} 11... dxc4 $11 12. Bxc4 e5) 12. cxd5 exd5 13. Be2 Qd6 $146 ({Predecessor:} 13... Qg6 14. O-O Bh3 15. Ne1 Bf5 16. Bd3 {0-1 (51) Islam,K (2287)-Rahman,Z (2477) Dhaka 2013}) 14. Qc2 Ne7 15. Bd3 c6 16. O-O Qf6 {The position is equal.} 17. b4 Bf5 18. a4 Bxd3 19. Qxd3 Qf5 20. Ne5 (20. Qb1 {feels hotter.} Qxb1 21. Rxb1 Nf5 22. Ne5 g5 23. Nd3) 20... f6 21. Qxf5 Nxf5 22. Nd3 Nd6 23. Nc5 Re8 24. Rb1 Re7 25. g3 {Precision: White = 65%, Black = 48%.} 1/2-1/2

[Event "American Continental-ch 2018"]
[Site "Montevideo"]
[Date "2018.06.08"]
[Round "9"]
[White "Slipak, Sergio"]
[Black "Gauche, Charles"]
[Result "0-1"]
[WhiteElo "2420"]
[BlackElo "2235"]
[Annotator "TA"]
[PlyCount "82"]
[EventDate "2018.??.??"]
[EventType "swiss"]
[EventCountry "URU"]
[SourceTitle "playchess.com"]
[Source "ChessBase"]
[SourceQuality "1"]

{[%evp 9,82,0,0,0,0,-2,22,6,22,7,10,0,3,-18,-25,-54,-58,-54,-15,-10,18,-12,-17,-14,-9,-22,0,0,0,0,0,0,0,0,0,0,-7,-1,0,-4,-22,-36,-37,-68,-49,-143,-142,-100,-127,-126,-116,-167,-144,-129,-128,-532,-234,-295,-288,-268,-285,-289,-272,-273,-275,-1165,-697,-29975,-887,-29976,-5266,-5252,-5252,-5243,279]} 1. d4 Nf6 2. c4 g6 3. Nc3 Bg7 4. Bg5 h6 5. Bh4 c5 6. d5 {E61: King's Indian: Early deviations for White, including Smyslov System} (6. e3 O-O 7. Nf3 cxd4 8. exd4 g5 9. Bg3 d5 10. h4 g4 11. Ne5 Nc6 12. Nxc6 bxc6 13. Be5 Be6 14. c5 Rb8 15. Qc2 Nh5 16. Bxg7 Nxg7 {0-1 (57) Ivanisevic,I (2619)-Topalov,V (2774) Kozloduy 2013}) 6... g5 7. Bg3 Nh5 8. e3 {The position is equal.} Nxg3 9. hxg3 d6 10. Bd3 Qa5 $146 ({Predecessor:} 10... Nd7 11. f4 Nf6 12. Nf3 Bg4 13. Qc2 {0-1 (53) Lindgren,P (2260)-Hagen,A (2400) Copenhagen 2013}) 11. Nge2 Nd7 12. f4 Nf6 $1 13. Qd2 gxf4 14. gxf4 Bg4 15. O-O-O O-O-O {[%cal Be8c8,Bc8b8,Bb8a8][%mdl 32]} 16. Kb1 Kb8 17. Rde1 b5 18. Qc2 bxc4 19. Bxc4 Ka8 20. Nc1 Rb8 21. Nb3 Qb4 22. Qd3 Bd7 23. e4 Ng4 24. a3 Qb6 {And now ...Nf2 would win.} 25. Re2 Rb7 26. Rh4 h5 {[%cal Bh6h5,Bh5h4][%mdl 32]} 27. Rc2 {[#]} ({Better is} 27. Ka1 $15) 27... f5 $1 $17 {[%mdl 512]} 28. exf5 Bf6 29. Rh1 h4 30. Ka2 (30. Ka1 $17) 30... Nh6 31. Ne4 Bxf5 {White must now prevent ...a5.} 32. Ba6 $2 {[%mdl 8192] [#]} (32. Qe2 $17 {is tougher.}) 32... Rbb8 (32... Qxb3+ $142 $1 {[%mdl 512]} 33. Qxb3 Rxb3 34. Kxb3 Bxe4) 33. Re1 Rhg8 34. Bc4 {[#]} Rg3 $1 {[%mdl 512]} 35. Re3 (35. Nxg3 Bxd3) 35... Ng4 36. Rxg3 hxg3 37. Nbd2 $2 (37. Qe2 a5 38. Nxf6 Bxc2 39. Qxc2 exf6 40. Qe2) 37... Nf2 38. Qf3 {[#] White hopes to continue with b3.} Nxe4 (38... Qxb2+ $142 $1 {[%mdl 512]} 39. Rxb2 Rxb2+ 40. Ka1 Nxe4 41. Nxe4 Bxe4 42. Qxe4 Re2+ 43. Kb1 Rxe4 44. Bd3 Rxf4 45. Kc1 c4 46. Be2 Rf2 47. Bxc4 Rxg2 48. Bd3 Bg5+ 49. Kb1 Rg1+ 50. Kb2 Re1 51. Be2 Rxe2+ 52. Kc3 g2 53. Kd3 Re3+ 54. Kc4 g1=Q 55. a4 Qc1+ 56. Kb5 Qc5+ 57. Ka6 Qb6#) 39. Nxe4 {[#]} Bxe4 (39... Qxb2+ $142 $1 {[%mdl 512]} 40. Rxb2 Rxb2+ 41. Ka1 Bxe4 42. Qxe4 Re2+ 43. Kb1 Rxe4 44. Bb5 Rxf4 45. Ka2 Rf2+ 46. Kb3 Rb2+ 47. Ka4 Rxg2 48. Bf1 Rf2 49. Bh3 g2 50. Bxg2 Rxg2 51. Kb3 Rg3+ 52. Ka2 c4 53. Kb1 Rg2 54. Kc1 c3 55. a4 Bg5+ 56. Kb1 Rb2+ 57. Ka1 Bf6 58. a5 c2 59. a6 c1=Q#) 40. Qxe4 $19 {[#]} Qxb2+ $1 {[%mdl 512]} 41. Rxb2 Rxb2+ {[%mdl 32768] Precision: White = 31%, Black = 68%. . Loss on Time!?} 0-1

[Event "American Continental-ch 2018"]
[Site "Montevideo"]
[Date "2018.06.08"]
[Round "9"]
[White "Thavandiran, Shiyam"]
[Black "Coppola, Claudio"]
[Result "1-0"]
[WhiteElo "2417"]
[BlackElo "2228"]
[Annotator "TA"]
[PlyCount "53"]
[EventDate "2018.??.??"]
[EventType "swiss"]
[EventCountry "URU"]
[SourceTitle "playchess.com"]
[Source "ChessBase"]
[SourceQuality "1"]

{[%evp 32,53,0,0,0,-10,-10,-10,-10,-19,-6,-38,-19,-29,-21,-22,71,66,188,181,1818,1813,29994,29995]} 1. e4 c5 2. Nf3 d6 3. d4 cxd4 4. Nxd4 Nf6 5. Nc3 g6 6. h3 Bg7 7. g3 Nc6 8. Nde2 O-O 9. Bg2 Rb8 10. a4 a6 11. O-O b5 12. axb5 axb5 13. Bg5 {B70: Sizilianisch (Drachen-Variante)} Nd7 14. Qc1 Nc5 15. Nd5 Re8 16. Rd1 b4 17. Be3 {LiveBook: 5 Partien} Bd7 18. Nd4 Qc8 19. Nxc6 Bxc6 {[#]} 20. Ra7 $146 {[#] Tc7 ist eine echte Drohung.} ({Vorgänger:} 20. Bd4 Bxd5 21. exd5 {½-½ (32) Al Modiahki,M (2550)-Tiviakov,S (2631) Bled 2002}) 20... Rb7 21. Ra5 Bxd5 22. Rxd5 {[%cal Re3c5]} Qc7 23. Ra2 Rc8 {[#]} (23... Nxe4 $11 24. Rda5 (24. Bxe4 Qc4 $17) 24... Qc4) 24. e5 $1 $16 Nb3 (24... b3 $14 25. cxb3 Rxb3) 25. Qd1 $18 ({Schlechter ist} 25. cxb3 Qxc1+ 26. Bxc1 Rxc1+ 27. Kh2 Rbc7 $11) 25... Qxc2 $2 (25... Nc5 26. exd6 exd6 27. Rxd6 Rb6) 26. Qxc2 Rxc2 27. Ra8+ 1-0

[Event "American Continental-ch 2018"]
[Site "Montevideo"]
[Date "2018.06.08"]
[Round "9"]
[White "Gemy, Jose Daniel"]
[Black "Mesias Rojas, Rabindranath"]
[Result "1-0"]
[WhiteElo "2393"]
[BlackElo "2203"]
[Annotator "TA"]
[PlyCount "55"]
[EventDate "2018.??.??"]
[EventType "swiss"]
[EventCountry "URU"]
[SourceTitle "playchess.com"]
[Source "ChessBase"]
[SourceQuality "1"]

{[%evp 19,55,72,71,4,29,-2,59,49,126,117,182,185,183,203,226,196,191,171,293,293,302,291,295,282,449,446,444,414,590,575,603,535,674,679,686,686,656,651]} 1. e4 g6 2. d4 Bg7 3. Nf3 c5 4. c3 {[%cal Bc2c3,Bc3d4][%mdl 32]} cxd4 5. cxd4 d5 6. e5 Nc6 7. Bb5 Bg4 8. Bxc6+ bxc6 9. Nbd2 Nh6 {B27: Sizilianisch (Frühes Fianchetto)} 10. h3 Bxf3 {LiveBook: 3 Partien} 11. Qxf3 $146 (11. Nxf3 $16 f6 12. O-O) ({Vorgänger:} 11. Nxf3 O-O 12. O-O f6 13. e6 Nf5 14. Bf4 Qb6 15. Rc1 Rac8 16. g4 Nd6 17. Bxd6 exd6 {1-0 (44) Delchev,A (2640)-Skalski,M (2327) San Marino 2006}) 11... Nf5 {Die Stellung ist ausgeglichen.} 12. Nb3 Qb6 ({Besser ist} 12... c5 $11) 13. Qc3 $14 O-O (13... f6 $14) 14. g4 $16 Nh6 (14... Nh4 $16) 15. Nc5 $18 Rfd8 16. Bf4 Kh8 17. Qd2 Ng8 18. h4 h6 (18... e6 {kämpft weiter.} 19. Rc1 Bf8) 19. Rh3 Rdc8 20. g5 h5 21. e6 fxe6 (21... f6 $142 22. Rb3 Qd8) 22. Rb3 Qd8 {Schwarz hofft, mit ...e5 fortzusetzen.} 23. Qe2 Qe8 (23... Kh7 {ist eine bessere Verteidigung.} 24. Nxe6 Qd7) 24. O-O-O {Weiß steht klar auf Gewinn.} Qf7 25. Rf3 Rf8 {beabsichtigt ...e5.} 26. Nxe6 Qf5 27. Rdd3 Qg4 28. Be5 {Precision: Weiß = 82%, Schwarz = 29%.} 1-0

[Event "American Continental-ch 2018"]
[Site "Montevideo"]
[Date "2018.06.08"]
[Round "9"]
[White "Bick, Gabriel"]
[Black "Betaneli, Alexander"]
[Result "1/2-1/2"]
[WhiteElo "2391"]
[BlackElo "2246"]
[Annotator "TA"]
[PlyCount "79"]
[EventDate "2018.??.??"]
[EventType "swiss"]
[EventCountry "URU"]
[SourceTitle "playchess.com"]
[Source "ChessBase"]
[SourceQuality "1"]

{[%evp 18,79,39,40,50,49,43,40,33,29,36,-8,-10,-12,-8,-16,22,0,19,18,52,50,52,54,50,43,42,6,6,6,6,6,8,6,6,6,7,4,7,0,0,0,2,0,4,4,8,4,6,6,43,0,0,0,0,0,0,0,0,-1,-1,-1,-1,-1]} 1. e4 d5 2. exd5 Qxd5 3. Nc3 Qd6 4. d4 Nf6 5. Nf3 c6 6. h3 {B01: Scandinavian Defence} Bf5 (6... Nbd7 7. Bd3 g6 8. O-O Bg7 9. Re1 O-O 10. Qe2 e6 11. Bg5 b6 12. Rad1 Bb7 13. Ne5 c5 14. dxc5 Qxe5 15. Qxe5 Nxe5 16. Rxe5 {1-0 (90) Guseinov,G (2645)-Carlsen,M (2832) chess.com INT 2017}) 7. Ne5 Nbd7 8. Nc4 Qc7 9. Qf3 Be6 10. Bf4 {LiveBook: 5 Games} Qd8 11. Ne3 $146 ({Predecessor:} 11. O-O-O Nb6 12. Nxb6 Qxb6 13. Be5 O-O-O {1-0 (31) Edouard,R (2662)-Danielsen,H (2510) Helsingor 2013}) 11... Nb6 12. O-O-O {Strongly threatening d5!} Nbd5 13. Ncxd5 Nxd5 14. c4 Nxf4 15. Qxf4 Qd6 16. Qf3 Bd7 17. Ng4 Bxg4 18. hxg4 {[%cal Bh3g4,Bg4g5][%mdl 32]} g6 19. c5 Qd5 $1 20. Qxd5 cxd5 21. Bb5+ Kd8 22. g5 Bg7 23. Rh3 e6 24. Kc2 Ke7 25. Kd3 h6 (25... a6 $5 26. Ba4 $8 h6 $11) 26. gxh6 Rxh6 27. Rxh6 Bxh6 $11 {[%mdl 4096] Endgame KRB-KRB} 28. Ba4 a5 29. Rh1 Bg7 30. a3 Rh8 31. Rxh8 Bxh8 {KB-KB} 32. b4 axb4 33. axb4 e5 34. dxe5 Bxe5 {The position is equal.} 35. Bb3 Ke6 36. Ba2 g5 37. g4 Bc7 38. f3 b6 39. cxb6 Bxb6 40. Bb3 {Precision: White = 64%, Black = 65%.} 1/2-1/2

[Event "American Continental-ch 2018"]
[Site "Montevideo"]
[Date "2018.06.08"]
[Round "9"]
[White "Santarius, Erik"]
[Black "Fernandez, Maria Florencia"]
[Result "0-1"]
[WhiteElo "2387"]
[BlackElo "2203"]
[Annotator "TA"]
[PlyCount "70"]
[EventDate "2018.??.??"]
[EventType "swiss"]
[EventCountry "URU"]
[SourceTitle "playchess.com"]
[Source "ChessBase"]
[SourceQuality "1"]

{[%evp 20,70,83,76,87,75,95,47,55,58,52,39,49,0,73,79,77,100,162,0,0,-1,0,-1160,-545,-507,-493,-488,-480,-608,-608,-622,-614,-616,-615,-608,-602,-601,-589,-743,-733,-737,-651,-1700,-1225,-29986,-29987,-29988,-29989,-29992,-29993,-29993,-29994]} 1. d4 Nf6 2. c4 g6 3. Nc3 Bg7 4. e4 d6 5. Nge2 O-O 6. Ng3 c5 7. d5 e6 8. Be2 exd5 9. cxd5 Re8 10. O-O {A65: Benoni} h5 (10... a6 11. a4 Nbd7 12. Be3 Rb8 13. Qc2 h5 14. Rfe1 h4 15. Nf1 h3 16. g3 b5 17. axb5 axb5 {½-½ (46) Bocharov,D (2611)-Chigaev,M (2551) Sochi 2016}) 11. Bg5 {LiveBook: 7 Partien} Nbd7 12. f4 {Weiß steht besser.} Qb6 $146 ({Vorgänger:} 12... Nf8 13. Qc2 N8h7 14. Bh4 a6 15. Rae1 Qc7 16. h3 b5 17. Bf3 Rb8 {1-0 (46) Kunin,V (2451)-Alber,H (2387) Offenbach 2005}) 13. Rb1 Nh7 14. Bh4 Bf6 15. Bxf6 Ndxf6 16. Bb5 h4 (16... Re7 $11) 17. Bxe8 $16 hxg3 18. Bb5 {Schwarz muss nun h3 beachten.} ({Bitte nicht} 18. hxg3 c4+ 19. Rf2 Nxe8 $15) 18... Ng4 {[#]} (18... c4+ $16 19. Kh1 Ng4) 19. hxg3 $2 ({Günstiger ist} 19. Bc4 $1 $18) 19... c4+ $1 $11 20. Kh1 Nhf6 21. f5 $2 {[%mdl 8192]} ({Viel schwächer ist} 21. Bxc4 $6 Ne3 $16) (21. Rf3 $11 Nxe4 22. Nxe4) 21... Kg7 (21... Bxf5 $142 22. Na4 Qe3) 22. Ne2 $19 {beabsichtigt Sd4.} Qxb5 23. Qd4 Qe8 {( -> ...Dh8+)} 24. Rf4 {[#] und nun wäre Txg4 stark für Weiss.} Bxf5 $1 {[%mdl 512]} 25. Kg1 (25. exf5 Qxe2) 25... Bxe4 26. Rc1 Bd3 27. Rxg4 Qxe2 28. Rf4 Qe5 29. Qf2 Re8 30. b3 b5 31. Qxa7 g5 32. Rf2 Re7 {Schwarz setzt Matt.} 33. Qa5 Ng4 34. Rf3 Qd4+ 35. Kh1 Re8 {Precision: Weiß = 30%, Schwarz = 79%.} 0-1

[Event "American Continental-ch 2018"]
[Site "Montevideo"]
[Date "2018.06.08"]
[Round "9"]
[White "De Dovitiis, Alejo"]
[Black "Januario, Severino Pereira"]
[Result "1-0"]
[WhiteElo "2343"]
[BlackElo "2175"]
[Annotator "TA"]
[PlyCount "67"]
[EventDate "2018.??.??"]
[EventType "swiss"]
[EventCountry "URU"]
[SourceTitle "playchess.com"]
[Source "ChessBase"]
[SourceQuality "1"]

{[%evp 18,67,39,40,130,123,129,135,147,127,167,127,209,208,209,156,164,154,164,156,154,112,120,115,116,79,95,43,61,46,405,410,423,400,408,383,339,133,333,209,575,589,697,681,1100,1013,1091,510,1012,1015,2605,2579]} 1. e4 d6 2. d4 Nf6 3. Bd3 g6 4. c4 Bg7 5. Nc3 c5 6. d5 e6 7. Nf3 exd5 8. exd5 O-O 9. O-O Bg4 10. h3 {LiveBook: 108 Partien. E90: Königsindisch (Klassisches System)} Bd7 $146 (10... Bxf3 $14 11. Qxf3 Nbd7) ({Vorgänger:} 10... Bxf3 11. Qxf3 Nfd7 12. Qd1 Re8 13. Bd2 Na6 14. a3 Qh4 15. Qg4 Qxg4 16. hxg4 Nc7 17. Rfe1 h6 18. Rxe8+ Nxe8 19. g3 Nef6 {½-½ (46) Ding,L (2777)-So,W (2810) Tbilisi 2017}) 11. Bf4 Qc7 12. Qd2 {Weiß steht besser.} Re8 13. Rac1 a6 14. a4 {[%cal Ba2a4,Ba4b5][%mdl 32]} b5 (14... a5 $16 {ist wohl besser.} 15. Ng5 Nh5) 15. cxb5 $18 axb5 16. axb5 Bc8 17. Rfe1 Rxe1+ 18. Rxe1 ({Jedoch nicht} 18. Nxe1 Bb7 $16) 18... Bb7 19. Bc4 Nbd7 20. b3 Nb6 21. g4 Qd7 22. Nh2 (22. Ne4 $16) 22... h5 $1 $14 {[%cal Rh5g4]} 23. Bg5 hxg4 $2 {[%mdl 8192]} (23... Re8 $1 $14) 24. Bxf6 $1 $18 Bxf6 25. Nxg4 Bg7 26. Ne4 Kf8 {beabsichtigt ...Te8.} 27. Qf4 $2 (27. Nef6 $18 {und Weiss behält klar die Oberhand.} Bxf6 28. Nxf6 Qxh3 29. Qg5) 27... Re8 $2 (27... Qe7 $16 {war angesagt.}) 28. Re3 Re5 $2 {[#]} (28... Rxe4 29. Qxe4 Bd4) 29. Nxc5 $1 {[%mdl 512] Weiß steht klar auf Gewinn.} Qe7 {Und ...Txe3 würde nun gewinnen.} (29... dxc5 30. Nxe5) 30. Nxe5 dxe5 {[#]} 31. d6 $1 Qe8 {[#]} (31... Qxd6 32. Qxf7#) 32. Qxf7+ $1 Qxf7 33. Bxf7 Bc8 34. Be6 {Precision: Weiß = 53%, Schwarz = 39%.} 1-0

[Event "American Continental-ch 2018"]
[Site "Montevideo"]
[Date "2018.06.08"]
[Round "9"]
[White "Lujan, Carolina"]
[Black "Moradiabadi, Elshan"]
[Result "0-1"]
[WhiteElo "2341"]
[BlackElo "2549"]
[Annotator "TA"]
[PlyCount "62"]
[EventDate "2018.??.??"]
[EventType "swiss"]
[EventCountry "URU"]
[SourceTitle "playchess.com"]
[Source "ChessBase"]
[SourceQuality "1"]

{[%evp 15,62,12,35,0,3,4,12,-35,-39,-171,-170,-201,-120,-308,-293,-595,-587,-632,-446,-702,-719,-719,-715,-709,-716,-646,-682,-737,-634,-596,-507,-695,-712,-655,-695,-1097,-900,-1335,-1327,-1295,-1227,-29989,-2054,-2147,-2089,-2014,-1939,-2012,-1981]} 1. e4 c6 2. d4 d5 3. Nc3 dxe4 4. Nxe4 Bf5 5. Ng3 Bg6 6. Bc4 e6 7. N1e2 Bd6 8. Nf4 Qh4 {LiveBook: 17 Games} 9. Qf3 {B18: Classical Caro-Kann: 4...Bf5 sidelines} (9. Nge2 Nd7 10. O-O O-O-O 11. g3 Qe7 12. c3 Bf5 13. Bd3 Bxd3 14. Nxd3 Ngf6 15. Re1 Rhe8 16. Nef4 Kb8 {½-½ (31) Kasimdzhanov,R (2700)-Palo,D (2562) Tromsoe 2014}) 9... Nf6 10. Bb3 Nbd7 11. Bd2 {The position is equal.} a5 $146 ({Predecessor:} 11... O-O 12. Nxg6 hxg6 13. Ne2 c5 14. g3 Qe4 15. Qxe4 Nxe4 16. Be3 cxd4 17. Nxd4 {½-½ (24) Maedler,J-Golz,W Zinnowitz 1964}) 12. Bxe6 (12. a4 $15) 12... fxe6 $19 13. Nxe6 {[#]} Qg4 (13... Bxc2 14. Nxg7+ Kf7 15. N7f5 $17) (13... Kf7 $1 $19 14. Ng5+ Kg8 15. Qb3+ Nd5) 14. Qe3 $2 (14. Nxg7+ $17 Kf7 15. N7f5 Rhe8+ 16. Kf1 Qxf3 17. Nxd6+ Ke7 18. gxf3 Kxd6 19. c3) 14... Nd5 ({Inferior is} 14... Bxc2 15. h3 $14) 15. Nxg7+ $2 (15. Qe2 Qxe2+ 16. Kxe2) 15... Kf7 16. Qh6 Qxd4 17. Qh3 {[#]} (17. N7f5 $142 Rhe8+ 18. Kf1 Qc4+ 19. Kg1) 17... Rhe8+ $1 {[%mdl 512]} 18. Nxe8 Rxe8+ 19. Ne2 N7f6 20. Qb3 b5 21. Be3 Qg4 {aiming for ...a4.} ({Weaker is} 21... Rxe3 22. Qxe3 Qxe3 23. fxe3 $17) 22. a4 Bh5 {[%csl Gh5][%cal Rg4e2]} 23. Qd3 Nb4 24. Qb3+ Nfd5 {[%csl Gh5][%cal Rg4e2]} 25. O-O-O Qxe2 26. axb5 a4 27. Qxa4 {[#]} Ra8 $1 {[%mdl 512]} 28. Ba7 (28. Qxa8 Qxc2#) 28... cxb5 (28... Bf4+ $142 29. Kb1 Bg6 30. Rd3 Bxd3 31. Ka1 Qxc2 32. Qa3 cxb5 33. h3 Be5 34. h4 {[#]} Qxb2+ $1 {[%mdl 512]} 35. Qxb2 Rxa7#) 29. Rhe1 {Black is clearly winning.} bxa4 {[%csl Gb4][%cal Re2c2]} 30. Rxe2 Bxe2 31. Re1 Bd3 {Precision: White = 21%, Black = 73%.} 0-1

[Event "American Continental-ch 2018"]
[Site "Montevideo"]
[Date "2018.06.08"]
[Round "9"]
[White "Varacalli, Francisco"]
[Black "Alonso, Salvador"]
[Result "0-1"]
[WhiteElo "2312"]
[BlackElo "2519"]
[Annotator "TA"]
[PlyCount "110"]
[EventDate "2018.??.??"]
[EventType "swiss"]
[EventCountry "URU"]
[SourceTitle "playchess.com"]
[Source "ChessBase"]
[SourceQuality "1"]

{[%evp 31,110,-18,-20,-20,0,-38,-40,-43,-44,-62,-20,-41,-29,-34,0,0,1,-6,-6,-8,-6,-7,-6,-6,-6,-11,0,-5,9,0,-3,-14,-16,-38,-35,-47,-8,-14,-11,-26,-22,-54,-47,-47,-47,-47,-47,-48,-48,-88,-88,-96,-96,-96,-96,-96,-88,-88,-47,-47,-47,-1670,-1412,-29964,-29971,-29971,-29972,-29972,-29973,-29974,-29975,-29976,-29977,-29977,-29979,-29987,-29988,-29989,0,-29990,-29991]} 1. e4 c5 2. Nf3 e6 3. d4 cxd4 4. Nxd4 Nc6 5. Nc3 d6 6. Be2 Nf6 7. O-O Be7 8. f4 O-O 9. Kh1 Qc7 10. Be3 Nxd4 11. Bxd4 e5 12. Be3 a6 13. a4 exf4 14. Bxf4 Be6 15. Qd3 Nd7 16. Qg3 Ne5 {[#] LiveBook: 5 Partien. B85: Sizilianisch (Scheveninger System)} 17. Rac1 $146 ({Vorgänger:} 17. Be3 Rfe8 18. Bd4 Bf8 19. Qf2 Rac8 20. Rfd1 g6 21. h3 Bg7 22. Bb6 Qe7 23. Bd4 Rc6 24. a5 {0-1 (49) Movsesian,S (2667)-Navara,D (2732) Czech Republic 2018}) 17... Rac8 18. Nd1 Ng6 {Schwarz steht etwas besser.} 19. Ne3 Nxf4 20. Qxf4 Qa5 {zielt auf ...Lg5 ab.} 21. Nf5 Bf6 22. b3 Bxf5 (22... Qe5 {is more complex.} 23. Qxe5 dxe5 24. c4 Rfd8 25. Rcd1 Bg5) 23. Qxf5 Qxf5 24. Rxf5 Bb2 25. Rcf1 g6 26. R5f3 Kg7 27. Bc4 {[%cal Rf3f7]} f6 28. c3 Rc5 29. Rb1 b5 30. axb5 axb5 31. Rxb2 {Und weiter mit Ld5 wäre nett.} bxc4 32. bxc4 Rxc4 $11 {[%mdl 4096] Endspiel KTT-KTT} 33. h3 Rc6 34. Rd3 Rf7 35. Rbd2 Rd7 36. c4 Rxc4 37. Rxd6 Rxd6 38. Rxd6 Rxe4 $15 {KT-KT} 39. Rd7+ Kh6 40. Kh2 g5 41. Kg3 Kg6 42. Kf3 Rf4+ 43. Ke3 h6 44. g3 Rf1 45. Rd4 $1 h5 46. h4 $2 {[%mdl 8192]} (46. Rb4 $15) 46... g4 $1 $19 47. Rf4 Rxf4 $1 48. Kxf4 {K3B-KBB} Kg7 49. Ke4 {[#]} Kf8 $1 {[%cal Rf8e7]} 50. Kf5 Kf7 51. Ke4 Ke6 52. Kf4 f5 {[%cal Bf6f5,Bf5f4][%mdl 32]} 53. Kg5 {[#]} Ke5 $1 54. Kxh5 Kf6 55. Kh6 {[#] beabsichtigt Kh5.} f4 $1 {[%mdl 512] Precision: Weiß = 41%, Schwarz = 70%.} 0-1